Statistiken für Die TOP10 (Zehnkampf)

Klicken Sie hier um das Quiz zu spielen!

Allgemein

  • Dieses Quiz wurde 11 mal gespielt
    (3 seit der letzten Aktualisierung)
  • Das Durchschnittsergebnis liegt bei 7 aus 10

Antwortstatistiken

PunktzahlNationVornameZehnkämpfer% Korrekt
8994CZETomásDvorák
100%
9045USAAshtonEaton
100%
9026CZERomanSebrle
100%
9126FRAKevinMayer
67%
8836GERLeoNeugebauer
67%
8891USADanO'Brien
67%
8847GBDaleyThompson
67%
9018CANDamianWarner
67%
8909CANPierceLePage
33%
8867USAGarrettScantling
33%

Verteilung der Resultate

Perzentil nach korrekt beantworteten Fragen

Anzahl Personen mit jedem Resultat

Ihre Resultats-Entwicklung

Sie haben dieses Quiz seit der letzten Aktualisierung nicht gespielt